| 000 | 00726nam a2200181Ia 4500 | ||
|---|---|---|---|
| 003 | GCL | ||
| 008 | 140319s9999 xx 000 0 ara d | ||
| 040 |
_aGCL / _cGCL |
||
| 082 | 0 | 4 |
_a259 _bج ح |
| 100 | 1 | _aجلال الدين عبدالرحمن ابى بكر | |
| 245 | 1 | 0 |
_aالحاوى للفتاوى: فى الفقة وعلوم التفسير والحديث والاصول والنحو والاعراب وسائر الفنون / _cجلال الدين عبدالرحمن ابى بكر |
| 260 |
_aبيروت : _bالمكتبة العصرية للنشر والتوزيع |
||
| 300 |
_a2 مج ؛ _c24 سم |
||
| 650 | 0 | 4 | _aالنحو |
| 650 | 0 | 4 | _aالحديث |
| 650 | 0 | 4 | _aالفقه الاسلامى |
| 942 |
_2ddc _cREF |
||
| 999 |
_c59670 _d59670 |
||